| 000 | 00685nam 22002293 4500 | ||
|---|---|---|---|
| 001 | 199448 | ||
| 010 | _a978-989-777-727-1 | ||
| 021 |
_aPT _b526 627/24 |
||
| 090 | _a199448 | ||
| 100 | _a20251209d u||y0pory50 ba | ||
| 200 |
_aA cozinheira de Frida _fFlorencia Etcheves _gtradução Àlex Tarradellas, Rita Custódio |
||
| 205 | _a2ª | ||
| 210 | _cPlaneta | ||
| 215 |
_a500 p. _cbrochado _d24 cm |
||
| 606 |
_91592 _aLiteratura Argentina |
||
| 675 |
_a821.134.2(82)-3"20" _vPT _zpor |
||
| 700 |
_915307 _aEtcheves _bFlorencia _f1971- |
||
| 702 |
_915301 _aTarradellas _bÀlex _f1982- |
||
| 702 |
_915300 _aCustódio _bRita _f1980- |
||
| 801 |
_aPT _bBMMN _gRPC |
||
| 830 |
_cAna _fAna |
||
| 990 | _cLIVROS | ||